Christ and the law : (Record no. 8205)

MARC details
000 -LEADER
fixed length control field 00726nam a22002057a 4500
003 - CONTROL NUMBER IDENTIFIER
control field GBCCL
005 - DATE AND TIME OF LATEST TRANSACTION
control field 20241126110645.0
008 - FIXED-LENGTH DATA ELEMENTS--GENERAL INFORMATION
fixed length control field 190715b ||||| |||| 00| 0 eng d
040 ## - CATALOGING SOURCE
Transcribing agency gbc
082 ## - DEWEY DECIMAL CLASSIFICATION NUMBER
Classification number 226.207
Item number MAC
100 ## - MAIN ENTRY--PERSONAL NAME
Personal name MacArthur, John
9 (RLIN) 8028
245 ## - TITLE STATEMENT
Title Christ and the law :
Remainder of title study notes ; Matthew 5:17-20
260 ## - PUBLICATION, DISTRIBUTION, ETC.
Place of publication, distribution, etc. Panorama City, CA :
Name of publisher, distributor, etc. Word of Grace Communications,
Date of publication, distribution, etc. 1983
300 ## - PHYSICAL DESCRIPTION
Extent 81 pages ; 22 cm
500 ## - GENERAL NOTE
General note These study notes are taken from messages delivered at Grace Community Church, Panorama City, CA.
650 ## - SUBJECT ADDED ENTRY--TOPICAL TERM
Topical term or geographic name entry element Bible. -- Matthew VII, 7-20 -- Study and teaching.
9 (RLIN) 14278
650 ## - SUBJECT ADDED ENTRY--TOPICAL TERM
Topical term or geographic name entry element Sermon on the mount.
9 (RLIN) 11870
650 ## - SUBJECT ADDED ENTRY--TOPICAL TERM
Topical term or geographic name entry element Jesus Christ -- Teachings.
9 (RLIN) 12639
942 ## - ADDED ENTRY ELEMENTS (KOHA)
Source of classification or shelving scheme Dewey Decimal Classification
Koha item type Books
Holdings
Withdrawn status Lost status Source of classification or shelving scheme Damaged status Not for loan Home library Current Library Shelving location Date acquired Total checkouts Full call number Barcode Date last seen Copy number Price effective from Koha item type
    Dewey Decimal Classification     GRACE BIBLE COLLEGE GRACE BIBLE COLLEGE Biblical Studies 2019-07-15   226.207 MAC 004318 2025-05-01 c.1 2019-07-15 Books
© Grace Bible College Library 2025